Las transformaciones recientes del Estado costarricense y las politicas reformistas /
Kaydedildi:
| Yazar: | |
|---|---|
| Materyal Türü: | Metin |
| Dil: | Spanish |
| Konular: | |
| Etiketler: |
Etiketle
Etiket eklenmemiş, İlk siz ekleyin!
|
MARC
| LEADER | 00000 a a2200000 04500 | ||
|---|---|---|---|
| 001 | 43684 | ||
| 003 | cru CRAI/IIS | ||
| 005 | 20210518101703.0 | ||
| 008 | 210518b |||||||| |||| 00| 0 spa d | ||
| 040 | |c cru CRAI/IIS | ||
| 100 | |a Romero, Carmen María | ||
| 245 | |a Las transformaciones recientes del Estado costarricense y las politicas reformistas / |c Carmen María Romero | ||
| 500 | |a Colección Centroamérica | ||
| 650 | |a ESTADO | ||
| 650 | |a CAPITALISMO | ||
| 650 | |a COSTA RICA | ||
| 650 | |a HISTORIA POLITICA | ||
| 650 | |a IDEOLOGIAS POLITICAS | ||
| 773 | |g volumen13, número38 ( , 1984), páginas 41-53 | ||
| 773 | 0 | |0 18875 |9 5319 |a Universidad de Costa Rica. |d San José, Costa Rica: Universidad de Costa Rica. Consejo Superior Universitario Centroamericano, 1972- |o 14307 |t Estudios Sociales Centroamericanos / |x 03039676 | |
| 942 | |2 ddc |c PP | ||
| 999 | |c 35789 |d 35789 | ||
